00900nam a2200241Ia 4500003000900000008004100009020001800050040001600068080002000084100002000104245014700124260003400271300001300305650004700318650004700365650004100412700002000453700002100473700003000494942000700524999001500531952011200546IN-BaIIA211028s9999 xx 000 0 eng d a3-540-08319-7 cIIA Library a048:1:52b76-18 aBohme, S.99376 0aAstronomy and Astrophysics Abstractsbvol.18, pt. 2, literature 1976cS. Bohme.. [et al.]  aBerlinbSpringer-Verlagc1973 ax, 859p. aAbstracts-Astronomy and Astrophysics96051 aAstronomy and Astrophysics Abstracts96052 aAstronomy and Astrophysics Thesaurus aEsser, U.99455 aFricke, W.99456 aGuntzel-Lingner, U.99457 cBK c5590d5590 00102ddc4070aBANbBANcGENd1977-10-01l0o048.1:52/ AAA-18p6258r2021-11-05w1977-10-01yBKGDM 68.80